|
|
|
|
| LEADER |
00000nam0a2200000 4500 |
| 001 |
355179 |
| 005 |
20231102010752.0 |
| 035 |
|
|
|a (RuTPU)RU\TPU\retro\12438
|
| 090 |
|
|
|a 355179
|
| 100 |
|
|
|a 20200702d1979 m y0rusy50 ca
|
| 101 |
1 |
|
|a eng
|c rus
|
| 102 |
|
|
|a RU
|
| 105 |
|
|
|a a z 000zy
|
| 200 |
1 |
|
|a Занимательная алгебра
|d Algebra Can Be Fun
|f Я. И. Перельман
|
| 210 |
|
|
|a Москва
|c Мир
|d 1979
|
| 215 |
|
|
|a 230 с.
|c ил.
|
| 300 |
|
|
|a На английском языке
|
| 510 |
1 |
|
|a Algebra Can Be Fun
|z eng
|
| 606 |
1 |
|
|a Алгебра занимательная
|2 stltpush
|3 (RuTPU)RU\TPU\subj\1730
|9 30433
|
| 610 |
1 |
|
|a математические действия
|
| 610 |
1 |
|
|a математический язык
|
| 610 |
1 |
|
|a арифметика
|
| 610 |
1 |
|
|a диофантовы уравнения
|
| 610 |
1 |
|
|a уравнения второй степени
|
| 610 |
1 |
|
|a прогрессии
|
| 610 |
1 |
|
|a математические задачи
|
| 675 |
|
|
|a 512
|v 4
|
| 700 |
|
1 |
|a Перельман
|b Я. И.
|c российский писатель
|c популяризатор физико-математических наук
|c основоположник жанра научно-занимательной литературы
|f 1882-1942
|g Яков Исидорович
|2 stltpush
|3 (RuTPU)RU\TPU\pers\14340
|9 4733
|
| 801 |
|
1 |
|a RU
|b 63413507
|c 20200702
|
| 801 |
|
2 |
|a RU
|b 63413507
|c 20221128
|g RCR
|
| 942 |
|
|
|c BK
|